BIBLIOTECA PODER JUDICIAL
Portal Judicial TDF

Habilitación de la instancia contencioso administrativa (Registro nro. 70)

000 -LEADER
fixed length control field 00869nam a22002297a 4500
003 - CONTROL NUMBER IDENTIFIER
control field OSt
005 - DATE AND TIME OF LATEST TRANSACTION
control field 20181112111625.0
008 - FIXED-LENGTH DATA ELEMENTS--GENERAL INFORMATION
fixed length control field 180308b xxu||||| |||| 00| 0 spa d
040 ## - CATALOGING SOURCE
Transcribing agency PJ
100 ## - ASIENTO PRINCIPAL - NOMBRE DE PERSONA
9 (RLIN) 2973
Personal name Grau, Armando Emilio
245 10 - MENCIÓN DE TÍTULO
Título propiamente dicho Habilitación de la instancia contencioso administrativa
Mención de responsabilidad, etc Armando Emilio Grau.
260 ## - PUBLICATION, DISTRIBUTION, ETC. (IMPRINT)
Place of publication, distribution, etc La Plata :
Name of publisher, distributor, etc Platense,
Date of publication, distribution, etc 1971.
300 ## - DESCRIPCION FISICA
Extent 186 p. ;
490 ## - MENCION DE SERIE
Mención de Serie Ensayos Jurídicos
Designación numérica/secuencial del volumen 17
504 ## - NOTA DE BIBLIOGRAFÍA, ETC.
Bibliography, etc Bibliografía: p. 171 - 186.<br/>
505 ## - FORMATTED CONTENTS NOTE
Formatted contents note Contenido:<br/>Proceso administrativo -- Presupuesto procesales en el juicio administrativo -- Habilitación de la instancia en el juicio administrativo.
650 ## - ASIENTO SECUNDARIO DE MATERIA - TERMINO TEMATICO
Topical term or geographic name as entry element DERECHO ADMINISTRATIVO
9 (RLIN) 211
650 #0 - ASIENTO SECUNDARIO DE MATERIA - TERMINO TEMATICO
Topical term or geographic name as entry element PROCEDIMIENTO ADMINISTRATIVO
9 (RLIN) 1135
650 #0 - ASIENTO SECUNDARIO DE MATERIA - TERMINO TEMATICO
Topical term or geographic name as entry element INSTANCIA ADMINISTRATIVA
9 (RLIN) 2995
650 #0 - ASIENTO SECUNDARIO DE MATERIA - TERMINO TEMATICO
Topical term or geographic name as entry element HABILITACIÓN DE INSTANCIA
9 (RLIN) 2996
942 ## - ADDED ENTRY ELEMENTS (KOHA)
Source of classification or shelving scheme
Koha item type Libros
Classification part 347.922
Item part GRA
Existencias
Withdrawn status Lost status Source of classification or shelving scheme Damaged status Not for loan Permanent Location Current Location Date acquired Full call number Barcode Date last seen Price effective from Koha item type
          Biblioteca Poder Judicial Sur Biblioteca Poder Judicial Sur 2018-03-08 347.922 GRA 2952 2018-03-08 2018-03-08 Libros

12 de Octubre 789 Ushuaia - Tel:  54(02901)441571
Horario de Atención: 8.00 a 17.00 hs. 
bibliotecaush@justierradelfuego.gov.ar
koha@justierradelfuego.gov.ar
Seguinos en nuestras redes @bibliojustdf 

Con tecnología Koha